| 000 | 00446nam a22001577a 4500 | ||
|---|---|---|---|
| 003 | OSt | ||
| 005 | 20260305073510.0 | ||
| 008 | 260120b |||||||| |||| 00| 0 eng d | ||
| 040 |
_aDWCL-Main Lib _cOC |
||
| 082 | _aFic. 899.2113 J328w 1976 | ||
| 100 | _aJavellana , Steven | ||
| 245 | _aWithout seeing the dawn | ||
| 260 |
_aQuezon City: _balemar-phoenix publishing house, inc., _cc1976 |
||
| 300 |
_a 359 p. ; _c18 cm. |
||
| 942 |
_2ddc _cFIC. _n0 _kFic. |
||
| 999 |
_c7557 _d7557 |
||